NBA All Time Team - Statistics

General Stats
  • This quiz has been taken 476 times
  • The average score is 23 of 25
Answer Stats
Position Team Answer % Correct
G Bulls Michael Jordan
100%
C BucksLakers Kareem Abdul-jabbar
99%
G Lakers Kobe Bryant
98%
F CavaliersHeat Lakers LeBron James
98%
G Lakers Magic Johnson
98%
F Spurs Tim Duncan
98%
F TimberwolvesCeltics Kevin Garnett
97%
C Celtics Bill Russell
96%
F Jazz Karl Malone
96%
F Celtics Larry Bird
96%
C Warriors76ers Lakers Wilt Chamberlain
96%
G Jazz John Stockton
94%
C MagicLakers Heat Suns Cavaliers Celtics Shaquille O’Neal
94%
G Lakers Jerry West
93%
G Warriors Stephen Curry
92%
F Mavericks Dirk Nowitzki
91%
F SuperSonicsThunder Warriors Nets Kevin Durant
90%
G RoyalsBucks Oscar Robertson
90%
C RocketsRaptors Hakeem Olajuwon
89%
F 76ers Julius Erving
89%
G SunsMavericks Lakers Steve Nash
89%
G Pistons Isiah Thomas
87%
F 76ersSuns Rockets Charles Barkley
86%
G HornetsClippers Rockets Thunder Suns Chris Paul
83%
F Lakers Elgin Baylor
72%
No matching quizzes found
Score Distribution
Percent of People with Each Score
Percentile by Number Answered
Your Score History
You have not taken this quiz